| 000 | 00959nam a2200229 a 4500 | ||
|---|---|---|---|
| 001 | 13031 | ||
| 003 | BD-JhCC | ||
| 005 | 20230614104107.0 | ||
| 008 | 230614s2021 bg |||| |||| 000 0 ben d | ||
| 020 | _a9789848046128 | ||
| 035 | _a(BD-JhCC)13031 | ||
| 040 |
_aBD-JhCC _dBD-JhCC |
||
| 041 | _aben | ||
| 082 |
_a297.61 _bBEG 2021 |
||
| 100 | _aবেইগ, মির্জা ইয়াওয়ার | ||
| 245 |
_aলিডারশিপ লেসনস : _bফ্র দ্য লাইফ অব রাসূলুল্লাহ (সা:) / _cমির্জা ইয়াওয়ার বেইগ; নাজমুল হাসান (অনু.) |
||
| 260 |
_aঢাকা : _bসিয়ান পাবলিকেশন লিমিটেড, _c২০২১ |
||
| 300 |
_a১৮১ পৃ. : _c২২ সেমি. |
||
| 650 |
_aLeadership _vReligious aspects _xIslam |
||
| 700 | _aহাসান, নাজমুল | ||
| 942 |
_2ddc _cBK |
||
| 999 |
_c13031 _d13031 |
||